000 00293nam a2200121Ia 4500
008 170620s9999 xx 000 0 und d
100 _aKASTURE & ET.AL.
245 0 _aPRACTICAL PHARMACEUTICS II
260 _bNIRALI DELHI
260 _c2009
300 _a99
546 _aEnglish
690 _aPRACTICAL PHARMACEUTICS II
999 _c31281
_d31281